000
00338nam a2200133Ia 4500
008
240624s9999 xx 000 0 und d
041
_a
eng
082
_a
338.4 COR
100
_a
CORTADA JAMES W
245
_a
BEFORE THE COMPUTER IBM NCR BURROUGHS AN
260
_c
2015
_b
Princeton University Press
300
_a
402 : p.
365
_c
_b
30
999
_c
27977
_d
27977